[Event "Montreal Pere Noel op"]
[Site "Montreal"]
[Date "2010.12.28"]
[Round "3"]
[White "Gerard, Patrice"]
[Black "Pilotte, Benoit"]
[Result "0-1"]
[WhiteElo "1876"]
[BlackElo "1744"]
[PlyCount "86"]
[EventDate "2010.12.26"]
[EventType "swiss"]
[EventRounds "5"]
[EventCountry "CAN"]
[SourceTitle "EXT 2013"]
[Source "ChessBase"]
[SourceDate "2012.11.22"]
[SourceVersion "1"]
[SourceVersionDate "2012.11.22"]
[SourceQuality "1"]

1. e4 g6 2. Nc3 Bg7 3. f4 c5 4. Nf3 Nc6 5. Bb5 e6 6. Bxc6 dxc6 7. e5 f5 8. d3 b6 9. Na4 Bd7 10. c4 Nh6 11. 0-0 Nf7 12. Be3 Qc7 13. Qc2 g5 14. Rfe1 h5 15. Nc3 h4 16. d4 g4 17. Nd2 cxd4 18. Bxd4 c5 19. Nb5 Qc6 20. Bc3 Kf8 21. h3 a6 22. Nd6 Nxd6 23. exd6 Rg8 24. hxg4 Bxc3 25. Qxc3 Rxg4 26. Qf6+ Kg8 27. Ne4 Rf8 28. Qh6 fxe4 29. Re3 Qxd6 30. Rae1 Qxf4 31. Qxf4 Rfxf4 32. Rd1 Rg7 33. Rd6 Rfg4 34. Kh1 b5 35. cxb5 axb5 36. a3 Kf8 37. Rd2 Ke7 38. b3 R7g5 39. Ra2 Rd5 40. a4 Rd3 41. Ree2 Rxb3 42. a5 Bc6 43. a6 Rgg3 0-1

[Event "Montreal Pere Noel op"]
[Site "Montreal"]
[Date "2010.12.26"]
[Round "1"]
[White "Arsenault, Nicolas"]
[Black "Gerard, Patrice"]
[Result "1-0"]
[WhiteElo "2245"]
[BlackElo "1876"]
[PlyCount "39"]
[EventDate "2010.12.26"]
[EventType "swiss"]
[EventRounds "5"]
[EventCountry "CAN"]
[SourceTitle "EXT 2013"]
[Source "ChessBase"]
[SourceDate "2012.11.22"]
[SourceVersion "1"]
[SourceVersionDate "2012.11.22"]
[SourceQuality "1"]

1. e4 c5 2. Nf3 Nc6 3. Bb5 g6 4. Bxc6 bxc6 5. 0-0 Bg7 6. Re1 Qc7 7. h3 d5 8. e5 d4 9. d3 Ba6 10. b3 Rd8 11. Bg5 Rd5 12. Bf4 e6 13. Nbd2 Ne7 14. Ne4 Nc8 15. Qd2 Qb7 16. Bh6 f5 17. exf6 Bxh6 18. Qxh6 Rh5 19. Qg7 Rf8 20. Nfg5 1-0

[Event "Montreal Mercredi 12"]
[Site "Montreal"]
[Date "2010.06.01"]
[Round "4"]
[White "Sasseville, Jean"]
[Black "Gerard, Patrice"]
[Result "1-0"]
[WhiteElo "1951"]
[BlackElo "1790"]
[PlyCount "61"]
[EventDate "2010.05.12"]
[EventType "tourn"]
[EventRounds "5"]
[EventCountry "CAN"]
[SourceTitle "EXT 2013"]
[Source "ChessBase"]
[SourceDate "2012.11.22"]
[SourceVersion "1"]
[SourceVersionDate "2012.11.22"]
[SourceQuality "1"]

1. Nf3 Nf6 2. c4 c5 3. Nc3 Nc6 4. g3 b6 5. Bg2 Bb7 6. 0-0 g6 7. d4 cxd4 8. Nxd4 Bg7 9. e3 0-0 10. b3 Rc8 11. Bb2 d6 12. Ncb5 Qd7 13. Qd2 a6 14. Nxc6 Bxc6 15. Bxc6 Rxc6 16. Nd4 Rc5 17. Rad1 Rfc8 18. Qe2 Rh5 19. f3 b5 20. cxb5 axb5 21. Rc1 Rhc5 22. Nxb5 Nd5 23. Nd4 Qa7 24. a3 Bh6 25. f4 e5 26. Nb5 Qb6 27. Rxc5 Rxc5 28. a4 exf4 29. Bd4 fxg3 30. Qf3 gxh2+ 31. Kh1 1-0